Wszystkie Federacje Świata - Statystyki

Ogólne statystyki
  • Ten quiz został rozwiązany 609 razy
  • Średni wynik to 14 z 28
Statystyki odpowiedzi
Kontynent Państwo % Poprawnych
Ameryka Północna Stany Zjednoczone
90%
Ameryka Północna Kanada
88%
Europa Rosja
88%
Azja Rosja
88%
Ameryka Północna Meksyk
86%
Europa Niemcy
86%
Ameryka Południowa Brazylia
82%
Ameryka Południowa Argentyna
79%
Oceania Australia
66%
Europa Szwajcaria
61%
Ameryka Południowa Wenezuela
60%
Europa Austria
57%
Azja Indie
57%
Europa Belgia
51%
Azja Pakistan
36%
Azja Irak
33%
Afryka Nigeria
31%
Afryka Sudan
29%
Europa Bośnia i Hercegowina
26%
Afryka Etiopia
25%
Azja Zjednoczone Emiraty Arabskie
24%
Azja Malezja
22%
Oceania Mikronezja
22%
Afryka Somalia
22%
Afryka Sudan Południowy
17%
Azja Nepal
15%
Afryka Komory
7%
Ameryka Północna Saint Kitts i Nevis
5%
Nie znaleziono quizów pasujących do podanych kryteriów
Rozkład punktacji
Procent ludzi z każdym wynikiem
Percentyl według liczby udzielonych odpowiedzi
Twoja historia wyników
Nie rozwiązałeś tego quizu